书目信息 |
| 书名: | Common themes in myth and religion | |
| 作者: | Elinor Amlen. | |
| 分册号: | ||
| 分册名: | 出版地: | Fort Worth, Tex. : |
|
| 出版社: | Harcourt College Publishers | |
| 出版时间: | c2001. | |
| 页数: | xvi, 224 p. : | |
| 开本: | 24 cm. | |
| 丛书名: | ||
| 中图分类号: | ||
| 科图分类号: | ||
| 其他分类号: | B92 | |
| 主题词: | ||
| 电子资源: | ||
| 000 | 00992cam a2200277 a 450 | |
| 001 | E0732570656 | |
| 005 | 20070319090909.96 | |
| 008 | 000331s2001 txuab b 001 0 eng | |
| 010 | @a00102386 | |
| 020 | @a0155070436. | |
| 040 | @aDLC@cDLC@dDLC | |
| 050 | 00 | @aBL311@b.A46 2001 |
| 082 | 00 | @a291.1/3@2 21 |
| 090 | @aB92 | |
| 099 | @dB92@ex3 | |
| 100 | 1 | @aAmlen, Elinor. |
| 245 | 10 | @aCommon themes in myth and religion :@ba developmental reader / @cElinor Amlen. |
| 260 | @aFort Worth, Tex. :@bHarcourt College Publishers,@cc2001. | |
| 300 | @axvi, 224 p. :@bill., maps ;@c24 cm. | |
| 504 | @aIncludes bibliographical references (p. 220-221) and index. | |
| 650 | 0 | @aMythology. |
| 650 | 0 | @aDevelopmental reading. |
| 650 | 0 | @aReading (Higher education) |
| 906 | @a7@bcbc@corignew@d2@eepcn@f20@gy-gencatlg | |
| 925 | 0 | @aAcquire@b2 shelf copies@xpolicy default |
| 955 | @apa01 03-31-00; to SSCD pb24 10-16-00; sh41 11-03-00 (whole); sh43 to Dewey 11-06-00; aa19 12-07-2000 | |
| Common themes in myth and religion : : a developmental reader / / Elinor Amlen.-Fort Worth, Tex. : : Harcourt College Publishers, , c2001. |
| xvi, 224 p. : : ill., maps ; ; 24 cm. |
| Includes bibliographical references (p. 220-221) and index. |
| ISBN 0155070436. |
| ● |
| 相关链接 |
|
|
|
|
正题名:Common themes in myth and religion
索取号:B92/x3
 
预约/预借
| 序号 | 登录号 | 条形码 | 馆藏地/架位号 | 状态 | 备注 |
| 1 | 0002763 | 300027637 | 第二样本阅览室/ [索取号:B92/x3] | 在馆 |